| 000 | 00861nam a22001937a 4500 | ||
|---|---|---|---|
| 005 | 20240521114027.0 | ||
| 010 | _aHIN-127564 | ||
| 020 |
_a9788171380480 _c495.00 |
||
| 035 | _aHN-99910 | ||
| 037 | _bDBAD | ||
| 082 | _a425 | ||
| 100 |
_aराजेन्द्रमोहन भटनागर _966561 |
||
| 245 |
_aसामयिक हिन्दी व्याकरण/ _cराजेन्द्रमोहन भटनागर |
||
| 260 |
_aनई दिल्ली _bसामयिक प्रकाशन _c2022 |
||
| 270 |
_a3320-21,जटवाड़ा,नेताजी सुभाष मार्ग दारियागंज _bनई दिल्ली _e110002 |
||
| 300 |
_a208पृ. _c23सेमी (सजिल्द) |
||
| 650 |
_aहिन्दी _966562 |
||
| 942 |
_adpl _cHN _2ddc _h425 _mभटना |
||
| 999 |
_c202465 _d202465 |
||